Four-Syllable US Counties - Statistics

General Stats
  • This quiz has been taken 23 times
    14 since last reset
  • The average score is 57 of 184
Answer Stats
State County % Correct
Alabama | Arkansas | Georgia | +15 others Montgomery
78%
California San Diego
78%
California Los Angeles
67%
California San Francisco
67%
Colorado Arapahoe
56%
New Mexico Bernalillo
56%
Pennsylvania Indiana
56%
Arizona Maricopa
56%
Florida Miami-Dade
56%
Arkansas | Missouri Mississippi
56%
Oklahoma Oklahoma
56%
Louisiana Acadia
44%
Florida Alachua
44%
California Alameda
44%
Colorado Alamosa
44%
Pennsylvania Allegheny
44%
Maine Androscoggin
44%
Colorado Archuleta
44%
Ohio Ashtabula
44%
New York Cattaraugus
44%
Arkansas | Florida | Georgia | +5 others Columbia
44%
Louisiana East Baton Rouge
44%
Florida Okeechobee
44%
Florida | Iowa | Michigan Osceola
44%
California Santa Clara
44%
Virginia Albemarle
33%
Illinois | North Carolina Alexander
33%
Iowa Allamakee
33%
Maryland | New York Allegany
33%
North Carolina | Virginia Alleghany
33%
Texas Angelina
33%
Maryland Anne Arundel
33%
Virginia Appomattox
33%
Texas Atascosa
33%
Texas Brazoria
33%
California Calaveras
33%
Missouri Cape Girardeau
33%
Arizona Coconino
33%
Texas Colorado
33%
Ohio Cuyahoga
33%
California El Dorado
33%
Alabama | Florida Escambia
33%
Nevada Esmeralda
33%
Louisiana Evangeline
33%
Montana | North Dakota Golden Valley
33%
California Mariposa
33%
California Mendocino
33%
South Dakota Minnehaha
33%
Michigan Montmorency
33%
Wyoming Niobrara
33%
Michigan Oceana
33%
Florida Okaloosa
33%
Washington Okanogan
33%
Colorado Rio Blanco
33%
California Sacramento
33%
Florida Sarasota
33%
New York Saratoga
33%
Louisiana St. Tammany
33%
Louisiana West Baton Rouge
33%
Maryland Wicomico
33%
Indiana Bartholomew
22%
Iowa Buena Vista
22%
Oklahoma Canadian
22%
Louisiana Catahoula
22%
Georgia Chattahoochee
22%
Louisiana Concordia
22%
California Contra Costa
22%
New Mexico Doña Ana
22%
New Mexico | Texas Guadalupe
22%
Hawaii Honolulu
22%
California Imperial
22%
Arkansas Independence
22%
Mississippi Issaquena
22%
Pennsylvania Juniata
22%
Michigan Kalamazoo
22%
Indiana Kosciusko
22%
Colorado Las Animas
22%
Montana Lewis and Clark
22%
New Mexico Los Alamos
22%
Texas Nacogdoches
22%
North Carolina New Hanover
22%
Pennsylvania | Virginia Northumberland
22%
Michigan Ontonagon
22%
Texas Palo Pinto
22%
Colorado Rio Grande
22%
Texas San Augustine
22%
Texas San Jacinto
22%
California San Mateo
22%
Florida Santa Rosa
22%
New York Schenectady
22%
Missouri Ste. Genevieve
22%
Alabama Talladega
22%
Alabama Tallapoosa
22%
Indiana Tippecanoe
22%
California Tuolumne
22%
Illinois | Iowa | Wisconsin Winnebago
22%
Virginia Amelia
11%
Iowa Cerro Gordo
11%
Virginia Charles City
11%
Georgia Emanuel
11%
Louisiana Iberia
11%
Michigan Isabella
11%
Mississippi Itawamba
11%
Montana Judith Basin
11%
Pennsylvania Lackawanna
11%
Minnesota Lake of the Woods
11%
Arkansas Little River
11%
Texas Matagorda
11%
Michigan | Wisconsin Menominee
11%
Mississippi Oktibbeha
11%
New York Onondaga
11%
Wisconsin Outagamie
11%
Iowa Palo Alto
11%
Maine Piscataquis
11%
Iowa | West Virginia Pocahontas
11%
Montana Powder River
11%
Texas Presidio
11%
Oklahoma Pushmataha
11%
Virginia Rappahannock
11%
Texas Refugio
11%
Maine Sagadahoc
11%
California San Benito
11%
Lousiana St. Helena
11%
Mississippi Tallahatchie
11%
Mississippi Tishomingo
11%
Alabama Tuscaloosa
11%
Ohio Tuscarawas
11%
Oregon Umatilla
11%
New Mexico Valencia
11%
Texas Victoria
11%
Washington Walla Walla
11%
Mississippi Yalobusha
11%
Minnesota Kandiyohi
0%
Wisconsin Manitowoc
0%
South Carolina Marlboro
0%
Georgia Meriwether
0%
Idaho Minidoka
0%
Colorado Montezuma
0%
New York Ontario
0%
Mississippi Pearl River
0%
Montana Petroleum
0%
Virginia Shenandoah
0%
Michigan Shiawassee
0%
Washington Skamania
0%
Pennsylvania Susquehanna
0%
Washington Wahkiakum
0%
No matching quizzes found
Score Distribution
Percent of People with Each Score
Percentile by Number Answered
Your Score History
You have not taken this quiz since the last reset